00506nam a2200121Ia 4500008004100000082001800041100001800059245008700077260003500164365001100199630008700210730008700297100415s9999 xx 000 0 und d b21198a598.33 aHAYMAN, PETER aShorebirds: an identification guide to the waders of the world: FOR REFERENCE ONLY aLONDONc1998bCHRISTOPHER HELM b2348.5 aShorebirds: an identification guide to the waders of the world: FOR REFERENCE ONLY aShorebirds: an identification guide to the waders of the world: FOR REFERENCE ONLY